| 000 | 00922nas a2200253 4500 | ||
|---|---|---|---|
| 001 | BR9202914 | ||
| 003 | BR-BrBNA | ||
| 005 | 20231205092558.0 | ||
| 007 | ta | ||
| 008 | 230509b bl.|||p| |||| 00| 00por d | ||
| 040 |
_aBR-BrBNA _bpor _cBiblioteca Nacional de Agricultura |
||
| 041 | _a(Pt) | ||
| 072 | _aL72 | ||
| 100 | 1 | _aGloria, M.A. da | |
| 100 | 1 | _aGrisi, L. | |
| 100 | 1 | _aPassos, W.M. | |
| 245 | 1 | _aAtividade in vitro de piretroides em combinacao com butoxido de piperonila em teleoginas de Boophilus microplus | |
| 246 | 1 | _aActivity in vitro of pyrethroids in combination with piperonyl butoxidae (PBO)in Boophilus microplus engorged females | |
| 650 | _aCARRAPATO | ||
| 650 | _aPIRETRINA | ||
| 773 | 0 |
_tArquivos da Universidade Federal Rural do Rio de Janeiro (Brazil) _xISSN 0100-2481 _g(Jan-Jun 1990), v. 13(1) p. 71-77 _wBR9202914 |
|
| 909 |
_a202311 _bLúcia _c55 _dLúcia Elande |
||
| 942 |
_2AGRIS _n0 _cANA |
||
| 999 |
_c132617 _d132617 |
||